English vocabulary in use : (Record no. 191256)
[ view plain ]
| 000 -LEADER | |
|---|---|
| fixed length control field | 00844nam a2200253Ia 4500 |
| 005 - DATE AND TIME OF LATEST TRANSACTION | |
| control field | 20230703142136.0 |
| 008 - FIXED-LENGTH DATA ELEMENTS--GENERAL INFORMATION | |
| fixed length control field | 210716s2008 xx 000 0 und d |
| 020 ## - INTERNATIONAL STANDARD BOOK NUMBER | |
| International Standard Book Number | 9780521736367 |
| 040 ## - CATALOGING SOURCE | |
| Transcribing agency | AIMIT LIBRARY |
| 041 ## - LANGUAGE CODE | |
| Language code of text/sound track or separate title | eng |
| 082 ## - DEWEY DECIMAL CLASSIFICATION NUMBER | |
| Classification number | 428.82 |
| Edition number | 2 |
| Item number | MCCM |
| 100 ## - MAIN ENTRY--PERSONAL NAME | |
| Personal name | McCarthy, Michael. |
| 9 (RLIN) | 125298 |
| 245 ## - TITLE STATEMENT | |
| Title | English vocabulary in use : |
| Remainder of title | Upper intermediate / |
| Statement of responsibility, etc. | By Michael McCarthy and Felicity O' Dell |
| 250 ## - EDITION STATEMENT | |
| Edition statement | 2nd ed. |
| 260 ## - PUBLICATION, DISTRIBUTION, ETC. | |
| Place of publication, distribution, etc. | New Delhi : |
| Name of publisher, distributor, etc. | Cambridge University Press, |
| Date of publication, distribution, etc. | 2008. |
| 300 ## - PHYSICAL DESCRIPTION | |
| Extent | vi,309p. ; |
| Other physical details | PB : |
| Dimensions | 26 cm |
| 650 ## - SUBJECT ADDED ENTRY--TOPICAL TERM | |
| Topical term or geographic name entry element | Effective Vocabulary Learning |
| 9 (RLIN) | 125299 |
| 650 ## - SUBJECT ADDED ENTRY--TOPICAL TERM | |
| Topical term or geographic name entry element | Word Formation |
| 9 (RLIN) | 125300 |
| 650 ## - SUBJECT ADDED ENTRY--TOPICAL TERM | |
| Topical term or geographic name entry element | Word and Pronunciation |
| 9 (RLIN) | 125301 |
| 650 ## - SUBJECT ADDED ENTRY--TOPICAL TERM | |
| Topical term or geographic name entry element | Connecting and Linking words |
| 9 (RLIN) | 125302 |
| 650 ## - SUBJECT ADDED ENTRY--TOPICAL TERM | |
| Topical term or geographic name entry element | Countable and Unaccountables |
| 9 (RLIN) | 125303 |
| 700 ## - ADDED ENTRY--PERSONAL NAME | |
| Personal name | O'dell, Felicity. |
| 9 (RLIN) | 125304 |
| 942 ## - ADDED ENTRY ELEMENTS (KOHA) | |
| Source of classification or shelving scheme | Dewey Decimal Classification |
| Koha item type | Book |
| Withdrawn status | Lost status | Source of classification or shelving scheme | Damaged status | Not for loan | Collection code | Home library | Current library | Source of acquisition | Cost, normal purchase price | Inventory number | Total Checkouts | Full call number | Barcode | Date last seen | Cost, replacement price | Price effective from | Koha item type | Serial Enumeration / chronology |
|---|---|---|---|---|---|---|---|---|---|---|---|---|---|---|---|---|---|---|
| Dewey Decimal Classification | MCA | St Aloysius Institute of Management & Information Technology | St Aloysius Institute of Management & Information Technology | Higginbothams Pvt Ltd | 375.00 | Bill no:1416; Bill dt:2011-07-09 | 428.82 MCCM | MCA10764 | 05/23/2026 | 281.25 | 07/16/2021 | Book | ||||||
| Dewey Decimal Classification | MCA | St Aloysius Institute of Management & Information Technology | St Aloysius Institute of Management & Information Technology | Higginbothams Pvt Ltd | 375.00 | 428.82 MCCM | MCA10765 | 05/23/2026 | 281.25 | 07/16/2021 | Book | Bill no:1416; Bill dt:2011-07-09 |